000 01733nas a22002777a 4500
003 OSt
005 20191023104316.0
008 130910b2019 slv spa
022 _a2227-4235
040 _cBMC
082 _a378.00772845
082 _a378.72840014
082 _a001.47284
245 1 0 _aAnuario de investigación 2019
_c[director, Nery F. Herrera Pineda]
260 _aSanta Ana, El Salvador
_bUNICAES, Dirección de Investigación
_c2019
300 _a151 + [6] p.
_bil.
_c28 cm
490 _aPublicaciones de la Dirección de Investigación
_v8
505 _aContiene: Mecanismo que garantizan y protegen el derecho a una vivienda familiar en el departamento de Santa Ana. Diagnóstico de aplicación de un sistema presupuestario...- Caracterización de las micro y pequeñas empresas del sector turístico...- Capital semilla y la ecuación de inversión en emprendimiento.- La inserción laboral en las empresas de la zona occidental...- Conducta de los compradores de artesanias en la ciudad de Ilobasco.-
505 _aEstado de las bóvedas de la carretera que conduce de Santa Ana a Ahuachapán.- Caracterización del rubro lechero de El Salvador.- Alternativa para la gestión de residuos sólidos en la Universidad Católica de El Salvador.- Estimulación temprana y neurodesarrollo en la primera infancia.-
610 2 4 _99278
_aUniversidad Católica de El Salvador
_bDirección de Investigación
_vAnuarios
610 2 4 _98619
_aUniversidad Católica de El Salvador
_xActividad científica
650 2 4 _94874
_aInvestigación
_zEl Salvador
700 1 _914396
_aHerrera Pineda, Nery Francisco
710 2 _99274
_aUniversidad Católica de El Salvador
_bDirección de Investigación
942 _2ddc
_cPR
999 _c30951
_d30951